| 000 | 00645nam a2200217 a 4500 | ||
|---|---|---|---|
| 001 | 13651 | ||
| 003 | BD-JhCC | ||
| 005 | 20240313131717.0 | ||
| 008 | 240313b2006 nyu |||| ||a| 001 0 eng d | ||
| 035 | _a(BD-JhCC)13651 | ||
| 040 |
_aBD-JhCC _dBD-JhCC |
||
| 041 | _aenglish | ||
| 082 |
_a909.0971241 _bFER 2006 |
||
| 100 | _a Ferguson,Niall | ||
| 245 |
_aThe war of the world : _b Twentieth-century conflict and the descent of the West / _cNiall Ferguson. |
||
| 260 |
_aNew York: _bhe Penguin Press; _c2006. |
||
| 300 |
_a808 p. : _c26 cm. |
||
| 600 | _a1900-1999 | ||
| 650 |
_aArmed Conflicts _vGeschichte 1900-2000 _zGuerre |
||
| 942 |
_2ddc _cBK |
||
| 999 |
_c13651 _d13651 |
||